|
|
|
|
| LEADER |
00893cam a2200253 7i4500 |
| 001 |
0000006288 |
| 005 |
20240524090000.0 |
| 020 |
|
|
|a 9780273662020 (pbk.)
|
| 020 |
|
|
|a 0273662023 (pbk.)
|
| 090 |
0 |
0 |
|a PN4121
|b .H75 2003
|
| 100 |
1 |
|
|a Heller, Richard
|
| 245 |
1 |
0 |
|a High impact speeches :
|b how to create and deliver words that move minds
|c Richard Heller.
|
| 260 |
|
|
|a London:
|b Prentice Hall Business,
|c 2003.
|
| 300 |
|
|
|a xv, 191 p.;
|c 24 cm.
|
| 500 |
|
|
|a Includes index
|
| 650 |
0 |
0 |
|a Speechwriting
|
| 650 |
0 |
0 |
|a Business presentations
|
| 650 |
0 |
0 |
|a Public speaking
|
| 655 |
|
0 |
|a Electronic books
|
| 856 |
4 |
2 |
|u http://library.unisel.edu.my/web/guest/mylibrary
|
| 997 |
|
|
|a Education & Social Sciences, Faculty
|b Education, Department
|
| 998 |
|
|
|a TESL, Diploma
|
| 999 |
|
|
|a 0000007505
|b BOK
|c OPEN SHELF
|e 1st Floor, Bestari Jaya
|
| 999 |
|
|
|a EBO0002848
|b EBOOK
|c EBOOK
|e Electronic resources
|